[Event "IECC M email"]
[Site "IECC email"]
[Date "2001.01.24"]
[Round "?"]
[White "Jaisundar, Raja"]
[Black "Poehlmann, Helmut"]
[Result "1-0"]
[WhiteElo "1600"]
[BlackElo "1763"]
[PlyCount "39"]
[EventDate "2001.??.??"]
[EventType "tourn (corr)"]
[EventRounds "6"]
[SourceTitle "Corr 2008"]
[Source "ChessBase"]
[SourceDate "2008.06.24"]
[SourceVersion "1"]
[SourceVersionDate "2008.06.24"]
[SourceQuality "1"]

1. e4 e6 2. d4 d5 3. Nc3 Bb4 4. e5 c5 5. a3 cxd4 6. axb4 dxc3 7. Nf3 Qc7 8. Qd4 cxb2 9. Bxb2 Nc6 10. Qc3 Qb8 11. b5 Nce7 12. Bd3 Bd7 13. Ba3 Nc8 14. 0-0 Nge7 15. Qd4 Qc7 16. Rfc1 Qd8 17. c4 dxc4 18. Rxc4 Nb6 19. Bxe7 Qxe7 20. Qxb6 1-0